LEADER 01174nam0-2200349---450- 001 990008520720403321 005 20070921082518.0 010 $a0415341167 035 $a000852072 035 $aFED01000852072 035 $a(Aleph)000852072FED01 035 $a000852072 100 $a20070601d2004----km-y0itay50------ba 101 0 $aeng 102 $aUS 105 $aa-------001yy 200 1 $aGood governance in the era of global neoliberalism$econflict and depolitisation in Latin America, Eastern Europe, Asia, and Africa$fedited by Jolle Demmers, Alex E. Fernández Jilberto and Barbara Hogenboom 210 $aLondon ; New York$cRoutledge$d2004 215 $aXVIII, 353 p.$cill.$d25 cm 225 1 $aRoutledge studies in the modern world economy$v47 610 0 $aPolitica economiuca 676 $a382.71$v21$zita 702 1$aDemmers,$bJolle 702 1$aFernandez Jilberto,$bAlex E. 702 1$aHogenboom,$bBarbara 801 0$aIT$bUNINA$gRICA$2UNIMARC 901 $aBK 912 $a990008520720403321 952 $aXI A 2743$b42694$fFSPBC 959 $aFSPBC 996 $aGood governance in the era of global neoliberalism$9732936 997 $aUNINA LEADER 01053nam0-2200313 --450 001 9910330658203321 005 20190722124532.0 010 $a9781461467250 010 $a146146725X 035 $a(OCoLC)ocn867143028 100 $a20190722d2014----kmuy0itay5050----ba 101 0 $aeng 102 $aUS 200 1 $aProcesses, assessment and remediation of contaminated sediments /$fedited by Danny D. Reible$gauthors: Christopher K. Algar ... [et al.] 210 1$aNew York$cSpringer$d2014 215 $aXL, 462 p.$cill.$d27 cm 225 1 $aSERDP and ESTCP remediation technology monograph series$v6 610 0 $aRifiuti pericolosi$aTossici 676 $a628.42$v23$zita 702 1$aReible,$bDanny D. 702 1$aAlgar,$bChristopher K. 801 0$aIT$bUNINA$gREICAT$2UNIMARC 901 $aBK 912 $a9910330658203321 952 $a628.42-REI-1$bINT. 2019/144$fSC1 952 $a628.42-REI-1A$bINT. 2019/145$fSC1 959 $aSC1 996 $aProcesses, assessment and remediation of contaminated sediments$91558087 997 $aUNINA LEADER 01963oam 2200529M 450 001 9910716518503321 005 20210706142118.0 035 $a(CKB)5470000002522974 035 $a(OCoLC)1065599064 035 $a(OCoLC)995470000002522974 035 $a(EXLCZ)995470000002522974 100 $a20071213d1926 ua 0 101 0 $aeng 135 $aurcn||||||||| 181 $ctxt$2rdacontent 182 $cc$2rdamedia 183 $acr$2rdacarrier 200 10$aGranting easements in and upon public lands and properties at Canal Bridge, Wis. June 9 (calendar day, June 11), 1926. -- Ordered to be printed 210 1$a[Washington, D.C.] :$c[U.S. Government Printing Office],$d1926. 215 $a1 online resource (2 pages) 225 1 $aSenate report / 69th Congress, 1st session. Senate ;$vno. 1053 225 1 $a[United States congressional serial set] ;$v[serial no. 8526] 300 $aBatch processed record: Metadata reviewed, not verified. Some fields updated by batch processes. 300 $aFDLP item number not assigned. 517 $aGranting easements in and upon public lands and properties at Canal Bridge, Wis. June 9 606 $aBridges 606 $aCanals 606 $aLegislative amendments 606 $aRight of way 606 $aRoads$xDesign and construction 606 $aRoads 608 $aLegislative materials.$2lcgft 615 0$aBridges. 615 0$aCanals. 615 0$aLegislative amendments. 615 0$aRight of way. 615 0$aRoads$xDesign and construction. 615 0$aRoads. 701 $aJones$b Wesley Livsey$f1863-1932$pRepublican (WA)$01389549 801 0$bWYU 801 1$bWYU 801 2$bOCLCO 801 2$bOCLCQ 906 $aBOOK 912 $a9910716518503321 996 $aGranting easements in and upon public lands and properties at Canal Bridge, Wis. June 9 (calendar day, June 11), 1926. -- Ordered to be printed$93448239 997 $aUNINA